Networks for learning and knowledge creation in biotechnology

Bibliographic Details
Main Author: Oliver, Amalya Lumerman (Author)
Format: Book
Language:English
Published: Cambridge New York : Cambridge University Press , c2009
Subjects:
Online Access:Table of contents only

MARC

LEADER 00000cam a2200000 7i4500
001 0000068310
005 20220524093000.0
008 080628s2009 enk eng
020 |a 0521872480 (hardback) 
020 |a 9780521872485 (hardback) 
090 0 0 |a TP248.2   |b .O45 2009 
100 1 |a Oliver, Amalya Lumerman ,   |e author 
245 1 0 |a Networks for learning and knowledge creation in biotechnology   |c Amalya Lumerman Oliver 
260 |a Cambridge   |a New York :   |b Cambridge University Press ,   |c c2009 
300 |a xviii, 252 p. :   |b ill. ;   |c 24 cm. 
504 |a Includes bibliographical references (p. 227-248) and index 
505 0 |a 1. Networks, collaborations, and learning and knowledge-creation -- 2. The biotechnology industry through the lenses of organizational and networks scholarship -- 3. New organizational forms for knowledge-creation in biotechnology -- 4. Scientific entrepreneurship -- 5. Science and discoveries in the context of private and public knowledge-creation and learning -- 6. The search for university-industry collaborations : linear and chaotic networking processes -- 7. Trust in collaborations and the social structure of academic research -- 8. Organizational learning and strategic alliances : recombination and duality of competition and collaboration -- 9. Further directions for understanding interorganizational collaborations and learning. 
650 0 |a Biotechnology 
650 0 |a Biotechnology   |v Research 
650 0 |a Organizational learning 
650 2 |a Biotechnology   |x Organization & administration 
650 2 2 |a Biomedical Research   |x methods 
650 2 2 |a Diffusion of innovations 
650 2 2 |a Interinstitutional Relations 
856 4 1 |3 Table of contents only   |u http://www.loc.gov/catdir/toc/fy0904/2008028872.html 
999 |a 1000135026   |b Book   |c OPEN SHELF (30 DAYS)   |e Tembila Campus